000 01099nam a2200277 4500
001 0000018676
003 CO-CtgCURN
005 20250520162438.0
007 ta
008 160627s2000 000 0 eng d
020 _a8448602897
040 _aCO-CtgCURN
_bspa
_ccoctgcurn
082 0 _a617
_bC151m
100 1 _aCanales Bedoya, C.
245 1 0 _aManual de cirugía /
_cC. Canales Bedoya.
260 _aMadrid :
_bMcGraw-Hill Interamericana,
_c2000.
300 _axxviii, 393 p.
336 _2rdacontent
337 _2rdamedia
_asin mediacion
_bn
338 _2rdacarrier
_avolumen
_bnc
505 8 _aHematología quirurgica.--Transfusion.--Anticoagulacion.--Cirugia en pacientes diabeticos.--Alteraciones del calcio y cirugia.--Valoracion del riesgo quirurgico.--Tipos de anestesia.--El cirujano ante la infección del VIH.--Abdomen agudo en pediatria.--Hemorragia digestiva.--Politraumatismos.--Tecnicas quirurgicas basicas
650 1 4 _aCirugia.
908 _a160627
942 _cBK
_h617
_iC151m
_2ddc
_n0
999 _c23074
_d23074